000 00442nam a2200169Ia 4500
005 20250603145442.0
008 250603s9999 xx 000 0 und d
020 _a9781492082798
050 _aQA 76.758 .R67/
100 _aRosenthal, Casey
245 0 _aO’Reilly chaos engineering: system resiliency in practice
260 _aCalifornia
260 _bO’Reilley Media, Inc.
260 _c2020
650 _aCalifornia
942 _cBK
999 _c41899
_d41899